000 00782nam a2200229 a 4500
999 _c6650
_d6650
001 6650
003 BD-JhCC
005 20180128105139.0
008 180127s1991 bg |||| |||| 001 0 ben d
020 _a9840725262
035 _a(BD-JhCC) 6650
040 _aBD-JhCC
_dBD-JhCC
041 _aben
082 _bEAK 1991
_a050.16
245 _aএকুশের সংকলনঃ গ্রন্থপঞ্জি ১৩৫৩-১৯৮৯ /
_cআমিরুল মোমেনীন সম্পাদিত
260 _aঢাকা :
_bবাংলা একাডেমী,
_c২০১৬.
300 _a১১৬৩ পৃ . :
_c২৩ সেমি.
650 _aBibiographies
700 _aমোমেনীন, আমিরুল
942 _2ddc
_cBK